000 00645nam a2200241Ia 4500
005 20250425162002.0
008 250425s9999 xx 000 0 und d
020 _a970122003X
041 _aspa
082 _a621.37
100 _aKARCZ, ANDRES M.
245 0 _aFUNDAMENTOS DE METROLOGIA ELECTRICA: TOMO II PARAMETROS BASICOS
250 _a1A ED.
260 _aMEXICO
260 _aMéxico
_bALFAOMEGA : MARCOMBO
_c1994
300 _a208
650 _aINSTRUMENTOS DE MEDIDA
650 _aINSTRUMENTOS DE MEDIDAS ELECTRICAS
650 _aMEDICIONES ELECTRICAS
650 _aPUENTES ELECTRICOS
942 _c01
010 _a38777
999 _c220137
_d220137